45 europejskich państw, 45 miast - Statystyki

Ogólne statystyki
  • Ten quiz został rozwiązany 7 150 razy
  • Średni wynik to 25 z 45
Statystyki odpowiedzi
Miasto Państwo % Poprawnych
Niemcy Hamburg Niemcy
99%
Polska Kraków Polska
97%
Monako Monako Monako
91%
Hiszpania Walencja Hiszpania
88%
Włochy Bolonia Włochy
88%
Watykan Watykan Watykan
86%
Austria Salzburg Austria
85%
Ukraina Lwów Ukraina
85%
Rosja Wołgograd Rosja
84%
Macedonia Północna Skopje Macedonia Północna
78%
Wielka Brytania Plymouth Wielka Brytania
78%
Czechy Ostrawa Czechy
75%
Chorwacja Split Chorwacja
73%
Litwa Kowno Litwa
72%
Islandia Reykjanesbær Islandia
71%
Słowacja Koszyce Słowacja
68%
Belgia Liège Belgia
62%
Norwegia Trondheim Norwegia
62%
Szwajcaria Bazylea Szwajcaria
61%
Holandia Maastricht Holandia
59%
Serbia Nowy Sad Serbia
51%
Bułgaria Warna Bułgaria
50%
Finlandia Rovaniemi Finlandia
50%
Mołdawia Tyraspol Mołdawia
50%
Irlandia Limerick Irlandia
49%
Węgry Debreczyn Węgry
48%
Białoruś Witebsk Białoruś
46%
Szwecja Uppsala Szwecja
45%
Słowenia Novo Mesto Słowenia
43%
Francja Hawr Francja
42%
Liechtenstein Schellenberg Liechtenstein
42%
Dania Roskilde Dania
40%
Portugalia Funchal Portugalia
36%
Rumunia Konstanca Rumunia
35%
Andora El Serrat Andora
33%
Estonia Haapsalu Estonia
33%
Grecja Kalamata Grecja
33%
Czarnogóra Pljevlja Czarnogóra
32%
Łotwa Dyneburg Łotwa
32%
Kosowo Mitrowica Kosowo
30%
San Marino Montegiardino San Marino
30%
Bośnia i Hercegowina Zenica Bośnia i Hercegowina
29%
Luksemburg Esch-sur-Alzette Luksemburg
29%
Albania Elbasan Albania
28%
Malta Sliema Malta
26%
Nie znaleziono quizów pasujących do podanych kryteriów
Rozkład punktacji
Procent ludzi z każdym wynikiem
Percentyl według liczby udzielonych odpowiedzi
Twoja historia wyników
Nie rozwiązałeś tego quizu